Ибсен (Запись № 1713748)

Подробности
000 -МАРКЕР
контрольное поле 01385nam0a2200349 4500
001 - ИДЕНТИФИКАТОР ЗАПИСИ
контрольное поле RU\NLR\bibl\1491159
005 - ИДЕНТИФИКАТОР ВЕРСИИ
контрольное поле 20260504062742.0
010 ## - МЕЖДУНАРОДНЫЙ СТАНДАРТНЫЙ НОМЕР КНИГИ (ISBN)
Номер (ISBN) 978-5-94282-562-1
010 ## - МЕЖДУНАРОДНЫЙ СТАНДАРТНЫЙ НОМЕР КНИГИ (ISBN)
Номер (ISBN) 978-5-93381-285-2
Тираж 2000
035 ## - ДРУГИЕ СИСТЕМНЫЕ НОМЕРА
Идентификатор записи (NLR Aleph) 001482724
100 ## - ДАННЫЕ ОБЩЕЙ ОБРАБОТКИ
Данные общей обработки 20100212d2010 |||y0rusy50 ca
101 1# - ЯЗЫК РЕСУРСА
Язык текста, звукозаписи и т.д. русский
Язык оригинала норвежский
102 ## - СТРАНА ПУБЛИКАЦИИ ИЛИ ПРОИЗВОДСТВА
Страна публикации Российская Федерация
105 ## - ПОЛЕ КОДИРОВАННЫХ ДАННЫХ: ТЕКСТОВЫЕ МАТЕРИАЛЫ, МОНОГРАФИЧЕСКИЕ
Кодированные данные о монографическом текстовом документе a |||||||||
200 1# - ЗАГЛАВИЕ И СВЕДЕНИЯ ОБ ОТВЕТСТВЕННОСТИ
Основное заглавие Ибсен
Параллельное заглавие Ibsen
Сведения, относящиеся к заглавию путь Художника
Первые сведения об ответственности Бьерн Хеммер
Последующие сведения об ответственности [пер. с норв. под ред. Э. Панкратовой]
Язык параллельного заглавия норвежский
210 ## - ПУБЛИКАЦИЯ, РАСПРОСТРАНЕНИЕ И ДР.
Место издания, распространения и т.д. Москва
Имя издателя, распространителя и т. д. ОГИ
-- Б.С.Г.-Пресс
Дата издания, распространения и т.д. 2010
215 ## - ФИЗИЧЕСКАЯ ХАРАКТЕРИСТИКА
Специфическое обозначение материала и объем 647 с., [8] л. ил., портр., факс.
Размеры 22
300 ## - ОБЩИЕ ПРИМЕЧАНИЯ
Текст примечания Авт. также на норв. яз.: Bjørn Hemmer
320 ## - ПРИМЕЧАНИЯ О НАЛИЧИИ В ДОКУМЕНТЕ БИБЛИОГРАФИИ / УКАЗАТЕЛЯ
Текст примечания Имен. указ.: с. 646-647
510 1# - ПАРАЛЛЕЛЬНОЕ ЗАГЛАВИЕ
Связь между полями z24790
Параллельное заглавие Ibsen
Язык заглавия норвежский
600 #1 - ИМЯ ЛИЦА КАК ПРЕДМЕТ
Начальный элемент ввода Ибсен
Часть имени, кроме начального элемента ввода Г.
Даты 1828 - 1906
Расширение инициалов личного имени Генрик
Системный номер авторитетной/нормативной записи 1159305
Идентификатор авторитетной/нормативной записи RU\NLR\auth\66463635
686 ## - ИНДЕКСЫ ДРУГИХ КЛАССИФИКАЦИЙ
Индекс Ш5(4Нр)53-4Ибсен4,0
700 #1 - ИМЯ ЛИЦА - ПЕРВИЧНАЯ ОТВЕТСТВЕННОСТЬ
Код отношения Автор
Материалы, к которым относится поле rus
Графика поля Кириллица
Начальный элемент ввода Хеммер
Часть имени, кроме начального элемента ввода Б.
Расширение инициалов личного имени Бьерн
Идентификатор авторитетной/нормативной записи RU\NLR\auth\7795954
Системный номер авторитетной/нормативной записи 78880
702 #1 - ИМЯ ЛИЦА - ВТОРИЧНАЯ ОТВЕТСТВЕННОСТЬ
Код отношения Прочие
Материалы, к которым относится поле rus
Графика поля Кириллица
Начальный элемент ввода Ибсен
Часть имени, кроме начального элемента ввода Г.
Расширение инициалов личного имени Генрик
Даты 1828-1906
Идентификатор авторитетной/нормативной записи RU\NLR\auth\7729701
Системный номер авторитетной/нормативной записи 12729
790 #1 - ИМЯ ЛИЦА - АЛЬТЕРНАТИВНАЯ ФОРМА
Код отношения Автор
Материалы, к которым относится поле nor
Графика поля Латинская
Начальный элемент ввода Hemmer
Часть имени, кроме начального элемента ввода B.
Расширение инициалов личного имени Bjørn
Идентификатор авторитетной/нормативной записи RU\NLR\auth\7795956
Системный номер авторитетной/нормативной записи 78882
801 #0 - ИСТОЧНИК ЗАПИСИ
Страна Российская Федерация
Организация NLR
Дата составления 20100212
Правила каталогизации RCR
801 #1 - ИСТОЧНИК ЗАПИСИ
Страна Российская Федерация
Организация NLR
Дата составления 20100212
830 ## - ОБЩЕЕ ПРИМЕЧАНИЕ, СОСТАВЛЕННОЕ КАТАЛОГИЗАТОРОМ
Текст примечания авт. по кн.
942 ## - ДОПОЛНИТЕЛЬНЫЕ ЭЛЕМЕНТЫ ЗАПИСИ (АБИС)
Тип экземпляра АБИС Книга
980 ## - КОЛЛЕКЦИЯ
Название коллекции Национальная библиография
Экземпляры
Тип экземпляра Дата поступления Источник поступления Стоимость Библиотека постоянного хранения Библиотека текущего хранения Место хранения Шифр хранения Штрих-код Статус экземпляра
Книга 26.03.2010 Покупка 480.00 РНБ (Московский) РНБ (Московский) Русский книжный фонд: издания с 1957 года 2010-5/2581 1-3139966  
Книга 05.04.2010 Покупка 480.00 РНБ (Московский) РНБ (Московский) Фонд общего зала литературы по филологии, педагогике и искусству (гуманитарной литературы) Л1 Ш5(4Нр)-4/И-160-Х 1-388451  
Книга 26.03.2010 Покупка 480.00 РНБ (Садовая) РНБ (Садовая) Универсальный читальный зал У Ш5(4)/И-160х 1-216711